000 01710nam0a2200349 4500
001 RU\NLR\BIBL_A\022555914
005 20260607090634.0
010 _a978-5-6052013-3-5
_916
021 _aRU
_bКН-П-25-021234
_9КН-П-25-2150
035 _a(NLR Aleph) 022555914
090 _a13513480
_c13513480
100 _a20250602d2025 u y0rusy50 ca
101 1 _arus
_afre
_cfre
102 _aRU
105 _ac z 000yy
181 0 _ai3
_baxxe
182 0 _an
200 1 _aЗаписки княгини Марии Николаевны Волконской
_fперевод с французского оригинала А. Н. Кудрявцевой
_gбиографический очерк и примечания П. Е. Щеголева
203 _aТекст
_bвизуальный
_cнепосредственный
210 _aВолгодонск
_cПолюхович Е. А.
_d2025
215 _a209 с.
_cпортр.
_d20
300 _aЧасть текста на фр. яз.
320 _aБиблиогр. в подстроч. примеч.
600 1 _aВолконская
_bМ. Н.
_f1805 - 1863
_gМария Николаевна
_jВоспоминания, записки и т.п
_91302049
_3RU\NLR\AUTH\66222041
606 1 _aДекабристы
_jВоспоминания, записки и т.п
_yСибирь
_92627486
_3RU\NLR\AUTH\661564046
686 1 _aТ3(2)472-411.52,013
686 1 _aТ3(2)472-411.82,013
700 1 _7ca
_8rus
_aВолконская
_bМ. Н.
_cжена декабриста
_f1806-1863
_gМария Николаевна
_3RU\NLR\AUTH\770270553
_9270497
942 _cBOOK
980 _aNB